000 00912nam a22002657a 4500
005 20200104041627.0
008 121204s2003 cl a gr 000 0dspa d
015 _ack-2012-xxxx
020 _a9213221819
041 0 _aspa
044 _acl
082 0 4 _a631.584
_bG17s
100 1 _aGallopín, Gilberto
_922913
245 0 0 _aSostenibilidad y desarrollo sostenible :
_bun enfoque sistémico /
260 _aSantiago de Chile
_bNaciones Unidas
_bCEPAL
_c2003
300 _a44 p.
_bil. ;
_c24 cm.
490 _aMedio ambiente y desarrollo
_v64
504 _aIncluye referencias bibliográficas (pag. 39 - 40)
650 4 _aAgricultura biológica.
_91591
650 4 _aAgricultura sostenible.
_9210
650 4 _aTecnología agrícola.
_923414
650 4 _aAgricultura sostenible
_x Aspectos económicos.
_924875
650 4 _aAgricultura sostenible
_x Aspectos ambientales.
_924876
942 _2ddc
_cImpreso
999 _c8550
_d8550